El Desarrollo del trabajo social en América Latina /

Salvato in:
Dettagli Bibliografici
Autore principale: Lima Santos, Leila
Natura: testo
Tags: Aggiungi Tag
Nessun Tag, puoi essere il primo ad aggiungerne!!

MARC

LEADER 00000 a a2200000 04500
001 151
003
040
100 |a Lima Santos, Leila  
245 |a El Desarrollo del trabajo social en América Latina /  |c Leila Lima Santos 
773 |g número 8; páginas 25-39  
999 |c 30940  |d 30940 
773 0 |0 18808  |9 3150  |a Asociación Latinoamericana de Escuelas de Trabajo Social  |d Lima, Perú  |o 02699  |t REVISTA ACCIÓN CRÍTICA